Flags With Separating Triangles - Statistics

General Stats
  • This quiz has been taken 44 times
  • The average score is 15 of 18
Answer Stats
Picture Answer % Correct
Cuba
94%
Czech Republic
94%
Philippines
94%
South Africa
94%
Zimbabwe
91%
Djibouti
88%
Bahamas
84%
Comoros
84%
Guyana
81%
Mozambique
81%
Vanuatu
81%
Jordan
78%
Sao Tome & Principe
78%
Sudan
78%
South Sudan
75%
East Timor
72%
Equatorial Guinea
72%
Eritrea
69%
No matching quizzes found
Score Distribution
Percent of People with Each Score
Percentile by Number Answered
Your Score History
You have not taken this quiz